|
|
|
|
| LEADER |
00000naa0a2200000 4500 |
| 001 |
662685 |
| 005 |
20250812134529.0 |
| 035 |
|
|
|a (RuTPU)RU\TPU\network\33840
|
| 035 |
|
|
|a RU\TPU\network\33839
|
| 090 |
|
|
|a 662685
|
| 100 |
|
|
|a 20200923d2020 k y0rusy50 ca
|
| 101 |
0 |
|
|a rus
|
| 102 |
|
|
|a RU
|
| 135 |
|
|
|a drcn ---uucaa
|
| 181 |
|
0 |
|a i
|
| 182 |
|
0 |
|a b
|
| 200 |
1 |
|
|a Сравнительное исследование влияния антипиренов на температуру воспламенения эпоксидных композитов
|f И. Н. Смирнова, О. Б. Назаренко
|
| 203 |
|
|
|a Текст
|c электронный
|
| 300 |
|
|
|a Заглавие с экрана
|
| 320 |
|
|
|a [Библиогр.: с. 266 (2 назв.)]
|
| 461 |
|
|
|t Интеграция науки, образования и производства – основа реализации Плана нации (Сагиновские чтения №12)
|o труды Международной научно-практической online конференции, 18-19 Июня 2020 г., г. Караганда
|o в 2 ч.
|f Карагандинский государственный технический университет (КарГТУ)
|d 2020
|
| 463 |
|
|
|t Ч. 2
|v [С. 264-266]
|d 2020
|
| 610 |
1 |
|
|a электронный ресурс
|
| 610 |
1 |
|
|a труды учёных ТПУ
|
| 610 |
1 |
|
|a антипирены
|
| 610 |
1 |
|
|a эпоксидные композиты
|
| 610 |
1 |
|
|a температура воспламенения
|
| 700 |
|
1 |
|a Смирнова
|b И. Н.
|g Ирина Николаевна
|
| 701 |
|
1 |
|a Назаренко
|b О. Б.
|c специалист в области экологии и безопасности жизнедеятельности
|c профессор Томского политехнического университета, доктор технических наук
|f 1963-
|g Ольга Брониславовна
|3 (RuTPU)RU\TPU\pers\25620
|9 11549
|
| 712 |
0 |
2 |
|a Национальный исследовательский Томский политехнический университет
|b Инженерная школа неразрушающего контроля и безопасности
|b Отделение контроля и диагностики
|3 (RuTPU)RU\TPU\col\23584
|
| 801 |
|
2 |
|a RU
|b 63413507
|c 20200923
|g RCR
|
| 856 |
4 |
|
|u https://www.kstu.kz/wp-content/uploads/2020/08/Sbornik-chast-2-2020-1.pdf#page=264
|
| 942 |
|
|
|c CF
|